000 00346nam a2200145Ia 4500
100 _aAmundsen Micheal/ Smith/Curtis
250 _a2
942 _cBK
654 _acomputer
245 _aTeach Yourself Data base Prog with Visual Basics 5 in 21 days
260 _bTechmedia
_aNONE
_c1997
300 _a1041
546 _aENGLISH
999 _c21545
_d21545